Fresh Meat Trivia - Statistics

General Stats
  • This quiz has been taken 580 times
  • The average score is 7 of 15
Answer Stats
Clue Answer % Correct
Oregon's real name Melissa
82%
How many 'freshers' live in the student house? 7
79%
What does Dave fix in the house? Dishwasher
70%
What is Josie's signature dish? Munge
61%
JP falls in love with this person Sam
60%
Howard is seen blow-drying what? A Peking Duck
53%
Howard won a fight after competing over a book in the Library. What body part did he break? Thumb
53%
Howard has completed this Facebook
46%
When Howard and Vod go to the Chinese Buffet, Howard says to prioritise high value items, such as what? Prawns
44%
Name of Howard's friend Brian
36%
Who does Kingsley lose his virginity to? Ruth
35%
Hakuna and ______ matata Indeed
31%
Nationality of the student Oregon is trying to stop from deportation Tunisian
27%
Vod's real name Violet Nordstrum
23%
When Dave is shouting at JP and Kingsley who are hiding in the bathroom, who else is hiding in there? Chester Chan
14%
No matching quizzes found
Score Distribution
Percent of People with Each Score
Percentile by Number Answered
Your Score History
You have not taken this quiz